000 00495nam a2200193Ia 4500
003 GCL
008 140319s9999 xx 000 0 eng d
040 _aGCL /
_cGCL
082 0 4 _a822
_bD B
100 1 _aDOSTOEVSKY, FYODOR
245 1 0 _aTHE BROTHERS KARAMAZOV /
_cDOSTOEVSKY, FYODOR
700 1 _aGARNATT, CONSTANCE
260 _a[S.N] :
_bHEINEMANN ،
_c1948
300 _a821 P
650 0 4 _aENGLISH LITERATURE
650 0 4 _aFICTION
650 0 4 _aRUSSIAN LITERATURE
942 _2ddc
_cBK
999 _c19431
_d19431